000 00559cam a22002053a 4500
001 38541
003 PGUSA
005 20140828083841.0
008 120110s2012||||xxu|||||s|||||000 | eng d
040 _aPGUSA
_beng
042 _adc
100 1 _aAdy, Endre,
_d1877-1919
245 1 2 _aA halottak élén
_h[electronic resource] /
_cEndre Ady
260 _bProject Gutenberg,
_c2012
506 _aPublic domain in the USA.
516 _aElectronic text
830 0 _aProject Gutenberg
_v38541
856 4 0 _uhttp://www.gutenberg.org/ebooks/38541
942 _cEB
999 _c267795
_d267795